[Event "ISL-chT2 2122"]
[Site "Reykjavik"]
[Date "2022.03.05"]
[Round "6.1"]
[White "Baldursson, Hrannar"]
[Black "Birkisson, Bjorn Holm"]
[Result "1/2-1/2"]
[WhiteElo "2111"]
[BlackElo "2076"]
[PlyCount "121"]
[EventDate "2021.10.01"]
[EventType "team-tourn"]
[EventRounds "7"]
[EventCountry "ISL"]
[SourceTitle "EXT 2024"]
[Source "ChessBase"]
[SourceDate "2023.10.10"]
[SourceVersion "1"]
[SourceVersionDate "2023.10.10"]
[SourceQuality "1"]
[WhiteTeam "Reykjavik KR"]
[BlackTeam "Reykjavik TR II"]
[WhiteTeamCountry "ISL"]
[BlackTeamCountry "ISL"]

1. e4 e5 2. Nf3 Nc6 3. Bb5 Nf6 4. 0-0 Nxe4 5. Re1 Nd6 6. Nxe5 Be7 7. Bf1 Nxe5 8. Rxe5 0-0 9. Nc3 Bf6 10. Re1 Re8 11. Nd5 Rxe1 12. Nxf6+ Qxf6 13. Qxe1 b6 14. d4 Qxd4 15. Qe7 Bb7 16. Qxd7 Qd1 17. c4 Be4 18. Qh3 Bf5 19. Qc3 Re8 20. Bh6 Qg4 21. Be3 c5 22. f3 Qg6 23. Bf4 Bc8 24. Rd1 Nf5 25. Re1 Rxe1 26. Qxe1 Qe6 27. Qxe6 Bxe6 28. Kf2 Nd4 29. Bd3 f5 30. Ke3 Kf7 31. b4 Nc6 32. bxc5 bxc5 33. Bd6 Na5 34. Bxc5 Nxc4+ 35. Kd4 Na5 36. Bb1 Nc6+ 37. Kc3 h6 38. a4 g5 39. Bd3 Bd7 40. Bb5 Ke8 41. Kc4 a5 42. Bd6 Kd8 43. Kd5 Na7 44. Bxd7 Kxd7 45. Bf8 h5 46. Ke5 g4 47. Kxf5 gxf3 48. gxf3 Nc8 49. Bg7 Nb6 50. Bc3 Nxa4 51. Bxa5 Nc5 52. Kg5 Ke6 53. Bb6 Nb7 54. Bc7 Nc5 55. Bg3 Nb3 56. Kxh5 Kf5 57. Bb8 Nd4 58. f4 Ne2 59. h4 Ng3+ 60. Kh6 Kg4 61. Ba7 1/2-1/2

[Event "Reykjavik op"]
[Site "Reykjavik"]
[Date "2019.04.09"]
[Round "2"]
[White "Finnsson, Johann Arnar"]
[Black "Baldursson, Hrannar"]
[Result "0-1"]
[WhiteElo "1776"]
[BlackElo "2122"]
[PlyCount "88"]
[EventDate "2019.04.08"]
[EventType "swiss"]
[EventRounds "9"]
[EventCountry "ISL"]
[SourceTitle "CBM 189 Extra"]
[Source "ChessBase"]
[SourceDate "2019.06.03"]
[SourceVersion "1"]
[SourceVersionDate "2019.06.03"]
[SourceQuality "1"]

1. e4 g6 2. d4 Bg7 3. Nf3 d6 4. Nc3 c6 5. Be2 Nf6 6. 0-0 0-0 7. Bf4 b5 8. e5 Nh5 9. Qd2 Nxf4 10. Qxf4 Bf5 11. Rac1 Nd7 12. exd6 b4 13. Na4 Qb8 14. c3 exd6 15. cxb4 Re8 16. Bc4 Qxb4 17. Bb3 Ne5 18. Rfd1 Nxf3+ 19. Qxf3 Bxd4 20. g4 Be6 21. Bxe6 Rxe6 22. Qxc6 Rae8 23. Rc4 Re1+ 24. Kg2 Qxc4 25. Qxc4 Rxd1 26. Nc3 Bxc3 27. bxc3 Rd2 28. a4 Ree2 29. Qf4 Rxf2+ 30. Qxf2 Rxf2+ 31. Kxf2 f5 32. g5 Kf7 33. Ke3 Ke6 34. Kd4 d5 35. a5 Kd6 36. a6 Kc6 37. h3 Kd6 38. h4 f4 39. c4 dxc4 40. Kxc4 Ke5 41. Kd3 Kf5 42. Kd4 Kg4 43. Ke4 f3 44. Ke3 Kg3 0-1

[Event "ISL-chT1 1819"]
[Site "Reykjavik"]
[Date "2019.03.01"]
[Round "7.1"]
[White "Viglundsson, Bjorgvin"]
[Black "Baldursson, Hrannar"]
[Result "1-0"]
[WhiteElo "2092"]
[BlackElo "2123"]
[PlyCount "62"]
[EventDate "2018.11.08"]
[EventType "team-tourn"]
[EventRounds "9"]
[EventCountry "ISL"]
[SourceTitle "CBM 189 Extra"]
[Source "ChessBase"]
[SourceDate "2019.06.03"]
[SourceVersion "1"]
[SourceVersionDate "2019.06.03"]
[SourceQuality "1"]
[WhiteTeam "Taflfelag Reykjavikur II"]
[BlackTeam "Skakdeild KR"]
[WhiteTeamCountry "ISL"]
[BlackTeamCountry "ISL"]

1. d4 Nf6 2. Nf3 c5 3. d5 d6 4. c4 g6 5. Nc3 Bg7 6. e4 0-0 7. Be2 Re8 8. Bf4 a6 9. a4 Nbd7 10. h3 Qa5 11. 0-0 Nh5 12. Bd2 Qc7 13. a5 Rb8 14. Na4 Nhf6 15. Bd3 Nf8 16. Qc2 e5 17. b4 N8d7 18. b5 Nh5 19. Rab1 Ra8 20. g3 Ndf6 21. Kg2 Nf4+ 22. gxf4 Bxh3+ 23. Kxh3 exf4 24. Nb6 Bh6 25. Rh1 Rad8 26. Kg2 Nh5 27. bxa6 bxa6 28. Bc3 Rb8 29. Qb2 Rxb6 30. axb6 Qd7 31. Kf1 Qg4 1-0

[Event "ISL-chT1 1819"]
[Site "Reykjavik"]
[Date "2018.11.11"]
[Round "5.2"]
[White "Carlsson, Pontus"]
[Black "Baldursson, Hrannar"]
[Result "1-0"]
[WhiteElo "2454"]
[BlackElo "2123"]
[PlyCount "65"]
[EventDate "2018.11.08"]
[EventType "team-tourn"]
[EventRounds "9"]
[EventCountry "ISL"]
[SourceTitle "CBM 187 Extra"]
[Source "ChessBase"]
[SourceDate "2018.11.04"]
[SourceVersion "1"]
[SourceVersionDate "2018.11.04"]
[SourceQuality "1"]
[WhiteTeam "Skakdeild Fjolnis"]
[BlackTeam "Skakdeild KR"]
[WhiteTeamCountry "ISL"]
[BlackTeamCountry "ISL"]

1. e4 d6 2. d4 Nf6 3. Nc3 g6 4. Nf3 Bg7 5. Be3 c6 6. Qd2 Ng4 7. Bg5 h6 8. Bh4 Qa5 9. Bxe7 Qc7 10. Bh4 0-0 11. h3 Nf6 12. Bxf6 Bxf6 13. Qxh6 b5 14. Bd3 b4 15. Ne2 Ba6 16. 0-0 Re8 17. Ng3 c5 18. Nh5 gxh5 19. Qxf6 Re6 20. Qg5+ Rg6 21. Qxh5 c4 22. Be2 c3 23. Nh4 Bxe2 24. Qxe2 cxb2 25. Rab1 Rg7 26. Nf5 Rg6 27. Rxb2 a5 28. h4 Nc6 29. h5 Rg5 30. f4 Nxd4 31. Nxd4 Qc3 32. Qf2 Rxh5 33. Rb3 1-0

[Event "ISL-chT1 1819"]
[Site "Reykjavik"]
[Date "2018.11.09"]
[Round "2.3"]
[White "Baldursson, Hrannar"]
[Black "Wang, Kevin A"]
[Result "0-1"]
[WhiteElo "2123"]
[BlackElo "2442"]
[PlyCount "82"]
[EventDate "2018.11.08"]
[EventType "team-tourn"]
[EventRounds "9"]
[EventCountry "ISL"]
[SourceTitle "CBM 187 Extra"]
[Source "ChessBase"]
[SourceDate "2018.11.04"]
[SourceVersion "1"]
[SourceVersionDate "2018.11.04"]
[SourceQuality "1"]
[WhiteTeam "Skakdeild KR"]
[BlackTeam "Taflfelag Gardjabaejar"]
[WhiteTeamCountry "ISL"]
[BlackTeamCountry "ISL"]

1. e4 d6 2. d4 Nf6 3. Nc3 g6 4. h3 Bg7 5. Nf3 0-0 6. Be3 c6 7. Be2 b5 8. a3 Bb7 9. 0-0 Nbd7 10. e5 Ne8 11. e6 fxe6 12. Ng5 Nc7 13. Bg4 e5 14. Be6+ Nxe6 15. Nxe6 Qc8 16. Nxf8 Qxf8 17. dxe5 Nxe5 18. Bd4 c5 19. Bxe5 Bxe5 20. Qg4 Qf7 21. f4 Bd4+ 22. Kh1 Bc6 23. Rae1 a5 24. Nd1 b4 25. axb4 axb4 26. c3 bxc3 27. bxc3 Bf6 28. f5 g5 29. Nf2 h5 30. Qg3 Qc4 31. Nd1 Ra2 32. Rf2 Ra1 33. Rb2 h4 34. Qe3 Qd5 35. Qe2 Qxf5 36. Rb8+ Kg7 37. Nf2 Qd5 38. Nd1 Ra2 39. Nb2 Qe5 40. Qd2 Qg3 41. Kg1 Bxg2 0-1

[Event "Stavanger op"]
[Site "Stavanger"]
[Date "2018.10.14"]
[Round "9"]
[White "Korneev, Oleg"]
[Black "Baldursson, Hrannar"]
[Result "1-0"]
[WhiteElo "2560"]
[BlackElo "2134"]
[PlyCount "55"]
[EventDate "2018.10.10"]
[EventType "swiss"]
[EventRounds "9"]
[EventCountry "NOR"]
[SourceTitle "CBM 186 Extra"]
[Source "ChessBase"]
[SourceDate "2018.08.24"]
[SourceVersion "1"]
[SourceVersionDate "2018.08.24"]
[SourceQuality "1"]

1. e4 d6 2. d4 Nf6 3. Nc3 e5 4. Nf3 Nbd7 5. Bc4 Be7 6. 0-0 0-0 7. Re1 c6 8. a4 a5 9. h3 exd4 10. Qxd4 Nc5 11. Bf4 Ne6 12. Bxe6 Bxe6 13. Rad1 Ne8 14. Qe3 Qc7 15. Nd5 cxd5 16. exd5 Bxh3 17. Qxe7 Bd7 18. b3 Rd8 19. c4 Qb6 20. Be3 Qc7 21. Nd4 Qb8 22. Bf4 b6 23. Re3 Qc8 24. Rde1 Qc7 25. Rg3 Bc8 26. Bg5 f6 27. Bxf6 Rxf6 28. Rxg7+ 1-0

[Event "Stavanger op"]
[Site "Stavanger"]
[Date "2018.10.11"]
[Round "3"]
[White "Quparadze, Giga"]
[Black "Baldursson, Hrannar"]
[Result "1-0"]
[WhiteElo "2495"]
[BlackElo "2134"]
[PlyCount "51"]
[EventDate "2018.10.10"]
[EventType "swiss"]
[EventRounds "9"]
[EventCountry "NOR"]
[SourceTitle "CBM 186 Extra"]
[Source "ChessBase"]
[SourceDate "2018.08.24"]
[SourceVersion "1"]
[SourceVersionDate "2018.08.24"]
[SourceQuality "1"]

1. e4 d6 2. d4 Nf6 3. Nc3 c6 4. f4 Qa5 5. Bd3 Na6 6. e5 Bg4 7. Nf3 Nd5 8. Bd2 Nab4 9. Be4 Nxc3 10. bxc3 Na6 11. h3 Be6 12. Qe2 d5 13. Bd3 g6 14. Ng5 Bh6 15. Nxe6 fxe6 16. 0-0 0-0 17. Qg4 Rf5 18. Qh4 Bf8 19. g4 Rf7 20. f5 exf5 21. gxf5 g5 22. Bxg5 Qxc3 23. f6 exf6 24. Bxf6 Nc7 25. Kh1 Ne8 26. Qg3+ 1-0

[Event "Reykjavik op"]
[Site "Reykjavik"]
[Date "2018.03.08"]
[Round "4"]
[White "Baldursson, Hrannar"]
[Black "Carroll, Peter"]
[Result "1-0"]
[WhiteElo "2130"]
[BlackElo "1733"]
[PlyCount "61"]
[EventDate "2018.03.06"]
[EventType "swiss"]
[EventRounds "9"]
[EventCountry "ISL"]
[SourceTitle "CBM 183 Extra"]
[Source "ChessBase"]
[SourceDate "2018.04.19"]
[SourceVersion "1"]
[SourceVersionDate "2018.04.19"]
[SourceQuality "1"]

1. c4 e5 2. Nc3 Nf6 3. g3 d5 4. cxd5 Nxd5 5. Bg2 Nb6 6. Nf3 Nc6 7. 0-0 Be7 8. d3 Be6 9. Be3 0-0 10. Rc1 f6 11. a3 a5 12. Ne4 a4 13. Nc5 Bxc5 14. Bxc5 Re8 15. Nd2 Bd5 16. Bxd5+ Nxd5 17. b4 axb3 18. Qxb3 Na5 19. Qa2 Kh8 20. a4 f5 21. Nf3 f4 22. e4 fxe3 23. fxe3 e4 24. dxe4 Rxe4 25. Nh4 Qd7 26. Rf3 b6 27. Rcf1 Rg8 28. Bd4 c5 29. Rf7 Qe6 30. Ba1 Rxe3 31. Rxg7 1-0

[Event "Reykjavik op"]
[Site "Reykjavik"]
[Date "2018.03.07"]
[Round "3"]
[White "Abrahamyan, Tatev"]
[Black "Baldursson, Hrannar"]
[Result "1-0"]
[WhiteElo "2369"]
[BlackElo "2130"]
[PlyCount "71"]
[EventDate "2018.03.06"]
[EventType "swiss"]
[EventRounds "9"]
[EventCountry "ISL"]
[SourceTitle "CBM 183 Extra"]
[Source "ChessBase"]
[SourceDate "2018.04.19"]
[SourceVersion "1"]
[SourceVersionDate "2018.04.19"]
[SourceQuality "1"]

1. e4 d6 2. d4 Nf6 3. Nc3 Nbd7 4. Nf3 e5 5. Bc4 Be7 6. a4 exd4 7. Nxd4 Ne5 8. Bb3 0-0 9. 0-0 Bd7 10. h3 a6 11. a5 c5 12. Nf3 Nc6 13. Bf4 Nxa5 14. Bxd6 Nxb3 15. cxb3 Be6 16. Bxe7 Qxe7 17. Qc2 Rfd8 18. Rad1 h6 19. Nd2 b5 20. f4 c4 21. bxc4 Qc5+ 22. Kh2 Bxc4 23. Nxc4 Qxc4 24. Rc1 Rac8 25. e5 Nd5 26. Qf2 b4 27. Nxd5 Qxd5 28. Rce1 b3 29. f5 Rc2 30. Qg3 Re8 31. e6 Kf8 32. f6 Qg5 33. Qd6+ Kg8 34. exf7+ Kh7 35. Qd3+ g6 36. Qxc2 1-0

[Event "Kragero op"]
[Site "Kragero"]
[Date "2018.02.21"]
[Round "1"]
[White "Baldursson, Hrannar"]
[Black "Hillarp Persson, Tiger"]
[Result "0-1"]
[WhiteElo "2153"]
[BlackElo "2543"]
[PlyCount "82"]
[EventDate "2018.02.21"]
[EventType "swiss"]
[EventRounds "9"]
[EventCountry "NOR"]
[SourceTitle "CBM 183 Extra"]
[Source "ChessBase"]
[SourceDate "2018.04.19"]
[SourceVersion "1"]
[SourceVersionDate "2018.04.19"]
[SourceQuality "1"]

1. e4 c5 2. Nf3 e6 3. Nc3 a6 4. d4 cxd4 5. Nxd4 b5 6. Bd3 Qb6 7. Nb3 Qc7 8. 0-0 Bb7 9. Qe2 Be7 10. Be3 Nf6 11. f3 0-0 12. Qf2 Nc6 13. Bb6 Qb8 14. Rad1 Ne5 15. Na5 Bc8 16. Be2 d6 17. h3 b4 18. Nb1 d5 19. Nd2 Nfd7 20. Bd4 Qc7 21. Ndb3 dxe4 22. fxe4 Ng6 23. Bh5 e5 24. Be3 Rb8 25. Be2 Nf6 26. Ba7 Be6 27. Bxb8 Rxb8 28. Bxa6 Ra8 29. Bb7 Rxa5 30. Bd5 Nxd5 31. exd5 Rxd5 32. Rxd5 Bxd5 33. Qd2 Be6 34. Nc1 Nf4 35. Rf3 g5 36. Kh1 e4 37. Re3 f5 38. c3 Nd5 39. Re1 bxc3 40. bxc3 Qg3 41. Ne2 Qf2 0-1

[Event "ISL-chT 1718"]
[Site "Reykjavik"]
[Date "2017.10.20"]
[Round "2.1"]
[White "Ragnarsson, Dagur"]
[Black "Baldursson, Hrannar"]
[Result "1/2-1/2"]
[WhiteElo "2340"]
[BlackElo "2140"]
[PlyCount "92"]
[EventDate "2017.10.19"]
[EventType "team-tourn"]
[EventRounds "9"]
[EventCountry "ISL"]
[SourceTitle "CBM 181 Extra"]
[Source "ChessBase"]
[SourceDate "2017.12.12"]
[SourceVersion "1"]
[SourceVersionDate "2017.12.12"]
[SourceQuality "1"]
[WhiteTeam "Fjolnis"]
[BlackTeam "KR CC"]
[WhiteTeamCountry "ISL"]
[BlackTeamCountry "ISL"]

1. d4 d6 2. c4 Nf6 3. Nc3 Nbd7 4. e4 e5 5. d5 Be7 6. Bd3 Nc5 7. Bc2 a5 8. Nge2 0-0 9. Ng3 Kh8 10. 0-0 Ng8 11. a3 Bg5 12. b4 axb4 13. Bxg5 Qxg5 14. axb4 Rxa1 15. Qxa1 Na6 16. Qb2 h5 17. Bd3 Ne7 18. Re1 h4 19. Nf1 Ng6 20. Ne3 Nf4 21. Bf1 Nxg2 22. Bxg2 h3 23. Ne2 hxg2 24. Ng3 g6 25. Nxg2 Kg8 26. Re3 Bh3 27. Ne1 f5 28. exf5 gxf5 29. Rb3 Rf7 30. Kh1 Rg7 31. Nf3 Qg4 32. Ng1 f4 33. Qc2 fxg3 34. Rxg3 Qf5 35. Qa4 Rxg3 36. hxg3 Qh5 37. Nxh3 Qxh3+ 38. Kg1 Kf8 39. Qb5 Qc8 40. c5 Ke7 41. c6 bxc6 42. dxc6 Qa8 43. Qa4 Qc8 44. b5 Nc5 45. Qh4+ Kf7 46. Qh7+ Kf6 1/2-1/2

[Event "ISL-chT 1718"]
[Site "Reykjavik"]
[Date "2017.10.19"]
[Round "1.1"]
[White "Kveinys, Aloyzas"]
[Black "Baldursson, Hrannar"]
[Result "1-0"]
[WhiteElo "2535"]
[BlackElo "2140"]
[PlyCount "75"]
[EventDate "2017.10.19"]
[EventType "team-tourn"]
[EventRounds "9"]
[EventCountry "ISL"]
[SourceTitle "CBM 181 Extra"]
[Source "ChessBase"]
[SourceDate "2017.12.12"]
[SourceVersion "1"]
[SourceVersionDate "2017.12.12"]
[SourceQuality "1"]
[WhiteTeam "Víkingaklubburinn"]
[BlackTeam "KR CC"]
[WhiteTeamCountry "ISL"]
[BlackTeamCountry "ISL"]

1. d4 d6 2. e4 Nf6 3. Nc3 c6 4. a4 a5 5. f4 g6 6. Nf3 Bg7 7. Bd3 Na6 8. 0-0 0-0 9. Kh1 Nb4 10. Be2 d5 11. e5 Ne8 12. Nb1 Bf5 13. c3 Nc2 14. Ra2 Nxd4 15. Nxd4 Bxb1 16. Ra3 Be4 17. Be3 Qc8 18. Bg4 e6 19. Nb3 Nc7 20. Bb6 Na6 21. Be2 Re8 22. Nxa5 c5 23. Bb5 Re7 24. Qe2 Nb8 25. Nb3 Nd7 26. Bxd7 Qxd7 27. Nxc5 Qc6 28. Nxe4 dxe4 29. Qb5 Qxb5 30. axb5 Rxa3 31. bxa3 Rd7 32. Bd4 Rd8 33. Ra1 Ra8 34. a4 Bh6 35. g3 g5 36. fxg5 Bxg5 37. Kg2 Bd2 38. a5 1-0

[Event "ISL-chT 1617"]
[Site "Reykjavik"]
[Date "2016.09.30"]
[Round "2.4"]
[White "Ragnarsson, Dagur"]
[Black "Baldursson, Hrannar"]
[Result "0-1"]
[WhiteElo "2272"]
[BlackElo "2135"]
[PlyCount "138"]
[EventDate "2016.09.29"]
[EventType "team-tourn"]
[EventRounds "9"]
[EventCountry "ISL"]
[SourceTitle "EXT 2018"]
[Source "ChessBase"]
[SourceDate "2017.10.13"]
[SourceVersion "1"]
[SourceVersionDate "2017.10.13"]
[SourceQuality "1"]
[WhiteTeam "Fjolnis"]
[BlackTeam "KR CC"]
[WhiteTeamCountry "ISL"]
[BlackTeamCountry "ISL"]

1. d4 Nf6 2. Nf3 d6 3. g3 g6 4. Bg2 Bg7 5. 0-0 0-0 6. c4 c6 7. Nc3 Nbd7 8. e4 e5 9. b3 Qc7 10. h3 a6 11. dxe5 dxe5 12. Be3 Rd8 13. Qc2 b6 14. Rfd1 Bb7 15. Na4 Rab8 16. Ne1 Ba8 17. f3 Nf8 18. Rxd8 Qxd8 19. Rd1 Qc7 20. c5 b5 21. Nc3 Ne6 22. Ne2 Bb7 23. f4 Nh5 24. Nd3 Nxg3 25. f5 Nxe2+ 26. Qxe2 Nf4 27. Nxf4 exf4 28. Bc1 Be5 29. Qf2 Re8 30. Rf1 Qe7 31. Bxf4 Bxf4 32. Qxf4 Qxc5+ 33. Kh1 Qf8 34. e5 Ba8 35. b4 c5 36. Bxa8 Rxa8 37. bxc5 Qxc5 38. fxg6 Qd5+ 39. Kh2 hxg6 40. Rf2 Re8 41. Re2 a5 42. h4 Qc4 43. Qf2 Qg4 44. Re3 Qd4 45. Qg3 Qd2+ 46. Kh3 Qxa2 47. h5 Qe6+ 48. Kh2 Kg7 49. Qe1 Rh8 50. Rh3 Rxh5 51. Rxh5 gxh5 52. Qg1+ Qg4 53. Qf2 Qg5 54. Qd4 Kg8 55. Qc5 Qh4+ 56. Kg2 Qc4 57. Qd6 a4 58. Qd8+ Kh7 59. Kf3 a3 60. e6 Qg4+ 61. Kf2 Qf5+ 62. Kg3 Qxe6 63. Qa5 a2 64. Kg2 Qe4+ 65. Kh3 Qf5+ 66. Kg2 Qb1 67. Kg3 a1Q 68. Qc7 Qd3+ 69. Kh4 Qf6+ 0-1

[Event "Stavanger GP A"]
[Site "Stavanger"]
[Date "2016.04.24"]
[Round "5"]
[White "Hobber, Anders"]
[Black "Baldursson, Hrannar"]
[Result "1-0"]
[WhiteElo "2332"]
[BlackElo "2122"]
[PlyCount "107"]
[EventDate "2016.04.22"]
[EventType "swiss"]
[EventRounds "6"]
[EventCountry "NOR"]
[SourceTitle "EXT 2024"]
[Source "ChessBase"]
[SourceDate "2023.10.10"]
[SourceVersion "1"]
[SourceVersionDate "2023.10.10"]
[SourceQuality "1"]

1. d4 Nf6 2. Nf3 c5 3. c3 e6 4. Bg5 Be7 5. e3 0-0 6. Bd3 d5 7. Nbd2 Nbd7 8. 0-0 Qc7 9. Qb1 h6 10. Bh4 c4 11. Be2 b5 12. a4 b4 13. e4 bxc3 14. bxc3 dxe4 15. Nxe4 Nxe4 16. Qxe4 Bb7 17. Bg3 Bxe4 18. Bxc7 Rac8 19. Bf4 Nb6 20. Rfc1 a5 21. Nd2 Bh7 22. Be3 Rc6 23. Nb1 Nd5 24. Nd2 Rfc8 25. Bf3 Rb6 26. Ra2 Bd3 27. g3 Rcb8 28. Be4 Nxe3 29. Bxd3 cxd3 30. fxe3 Rb2 31. Rxb2 Rxb2 32. Nc4 Rc2 33. Rd1 Rxc3 34. Nxa5 d2 35. Kf2 Bg5 36. e4 Ra3 37. Nc6 h5 38. a5 Kf8 39. d5 exd5 40. exd5 Ke8 41. Ke2 f6 42. Rb1 Kd7 43. a6 Kd6 44. Nb4 Kc5 45. Kd1 f5 46. Kc2 Kc4 47. Kd1 f4 48. gxf4 Bxf4 49. Nc2 Rf3 50. Ke2 Rc3 51. a7 Rxc2 52. a8Q Rc1 53. Qc6+ Kd4 54. Rb4+ 1-0

[Event "Reykjavik op"]
[Site "Reykjavik"]
[Date "2016.03.12"]
[Round "6"]
[White "Baldursson, Hrannar"]
[Black "Jackson, James P"]
[Result "0-1"]
[WhiteElo "2124"]
[BlackElo "2347"]
[PlyCount "184"]
[EventDate "2016.03.08"]
[EventType "swiss"]
[EventRounds "10"]
[EventCountry "ISL"]
[SourceTitle "CBM 171 Extra"]
[Source "ChessBase"]
[SourceDate "2016.04.26"]
[SourceVersion "1"]
[SourceVersionDate "2016.04.26"]
[SourceQuality "1"]

1. c4 Nf6 2. Nc3 c5 3. g3 e6 4. Bg2 d5 5. cxd5 exd5 6. d3 d4 7. Ne4 Nxe4 8. Bxe4 Be7 9. Qb3 Nc6 10. Nf3 0-0 11. 0-0 Nb4 12. a3 Be6 13. Qa4 Nd5 14. Ne1 a6 15. Ng2 b5 16. Qd1 Rc8 17. e3 dxe3 18. Nxe3 Nf6 19. Bb7 Rb8 20. Bg2 Qd7 21. Qc2 Bh3 22. Re1 Bxg2 23. Nxg2 Rbc8 24. Bg5 h6 25. Bxf6 Bxf6 26. Re4 Rfd8 27. Rae1 g6 28. b3 Kg7 29. Nf4 h5 30. h4 Qf5 31. Kg2 Rd6 32. R1e3 Qd7 33. Qe2 Rd8 34. Kh2 Kg8 35. Qf3 Qc6 36. Qe2 Bg7 37. Re8+ Rxe8 38. Rxe8+ Kh7 39. Nxh5 gxh5 40. Qxh5+ Rh6 41. Qxf7 Rf6 42. Qg8+ Kh6 43. f4 Qf3 44. Re6 Qxd3 45. Rxf6+ Bxf6 46. Qf8+ Bg7 47. Qxc5 Qxb3 48. Qc6+ Kh7 49. Qxa6 Qd5 50. Qa7 Qa2+ 51. Kh3 b4 52. Qc5 bxa3 53. Qh5+ Bh6 54. Qf5+ Kg7 55. Qe5+ Kf7 56. Qc7+ Kg8 57. Qd8+ Bf8 58. Qg5+ Kf7 59. Qf5+ Kg8 60. Qg6+ Bg7 61. Qe8+ Kh7 62. Qh5+ Bh6 63. Qf5+ Kg7 64. Qe5+ Kf7 65. Qc7+ Kg8 66. Qd8+ Bf8 67. Qg5+ Bg7 68. Qd8+ Kh7 69. Qd3+ Kh8 70. Qf3 Bb2 71. Qh5+ Kg7 72. Qg5+ Kf7 73. Qh5+ Ke7 74. Qc5+ Kd7 75. Qb5+ Kd6 76. Qb8+ Kc5 77. Qc7+ Kd4 78. f5 Qd5 79. Qf4+ Kd3 80. Qf1+ Kc2 81. Qe2+ Kb3 82. Qe3+ Bc3 83. Qb6+ Kc2 84. Qf2+ Bd2 85. f6 a2 86. f7 Qh1+ 87. Kg4 Qe4+ 88. Kh3 a1Q 89. Qc5+ Bc3 90. Qf2+ Kb3 91. f8Q Qah1+ 92. Qh2 Qe6+ 0-1

[Event "Reykjavik op"]
[Site "Reykjavik"]
[Date "2016.03.08"]
[Round "1"]
[White "Ragnarsson, Heimir Pall"]
[Black "Baldursson, Hrannar"]
[Result "1/2-1/2"]
[WhiteElo "1527"]
[BlackElo "2124"]
[PlyCount "103"]
[EventDate "2016.03.08"]
[EventType "swiss"]
[EventRounds "10"]
[EventCountry "ISL"]
[SourceTitle "CBM 171 Extra"]
[Source "ChessBase"]
[SourceDate "2016.04.26"]
[SourceVersion "1"]
[SourceVersionDate "2016.04.26"]
[SourceQuality "1"]

1. c4 Nf6 2. g3 g6 3. Bg2 Bg7 4. Nc3 0-0 5. Nf3 c6 6. 0-0 d5 7. cxd5 cxd5 8. d4 Nc6 9. Qb3 Na5 10. Qd1 Bf5 11. Bf4 Qb6 12. Ne5 Rfd8 13. Qd2 Rac8 14. Na4 Qb5 15. Nc5 Ne4 16. Nxe4 dxe4 17. a4 Qd5 18. Qb4 f6 19. Nd3 Qxd4 20. Qxa5 exd3 21. exd3 Bxd3 22. Rfd1 b6 23. Qxa7 e5 24. Be3 Qxb2 25. Qxb6 Qxb6 26. Bxb6 Rd6 27. a5 f5 28. Bb7 Re8 29. Ba6 e4 30. Ra2 Bd4 31. Bxd3 exd3 32. Bxd4 Rxd4 33. a6 Kg7 34. Rad2 Red8 35. a7 Ra8 36. Rxd3 Rxd3 37. Rxd3 Rxa7 38. Kg2 Kf6 39. h3 g5 40. Rb3 Ra6 41. Rb4 h5 42. h4 g4 43. Rb8 Kg7 44. Rb5 Kg6 45. Rb8 f4 46. gxf4 Ra4 47. Rb6+ Kh7 48. Rb5 Kg6 49. Rg5+ Kh6 50. f5 Rf4 51. Rg6+ Kh7 52. Rg5 1/2-1/2

[Event "ISL-chT 1516"]
[Site "Reykjavik"]
[Date "2016.03.05"]
[Round "9.1"]
[White "Baldursson, Hrannar"]
[Black "Ragnarsson, Dagur"]
[Result "0-1"]
[WhiteElo "2149"]
[BlackElo "2272"]
[PlyCount "107"]
[EventDate "2015.09.24"]
[EventType "team-tourn"]
[EventRounds "9"]
[EventCountry "ISL"]
[SourceTitle "EXT 2017"]
[Source "ChessBase"]
[SourceDate "2016.10.25"]
[SourceVersion "1"]
[SourceVersionDate "2016.10.25"]
[SourceQuality "1"]
[WhiteTeam "KR CC"]
[BlackTeam "Fjolnir"]
[WhiteTeamCountry "ISL"]
[BlackTeamCountry "ISL"]

1. c4 f5 2. g3 Nf6 3. Bg2 g6 4. Nc3 Bg7 5. e3 0-0 6. Nge2 d6 7. 0-0 e5 8. d3 Nbd7 9. Rb1 a5 10. a3 c6 11. b4 axb4 12. axb4 Nb6 13. c5 Nbd5 14. Nxd5 cxd5 15. Qb3 Be6 16. Nc3 Kh8 17. e4 dxc5 18. exd5 cxb4 19. dxe6 bxc3 20. Qxb7 Qxd3 21. e7 Rg8 22. Rb6 e4 23. Bf4 Nd5 24. Rd6 Nxf4 25. Rxd3 Nxd3 26. Bxe4 fxe4 27. Qxe4 Ne5 28. f4 Nf7 29. Qe6 Nh6 30. Re1 Rge8 31. g4 Ng8 32. Qc6 Rxe7 33. Rc1 Ra2 34. Kf1 Re3 35. Re1 Rxe1+ 36. Kxe1 Rxh2 37. Kd1 Rd2+ 38. Kc1 Rd8 39. Qc7 Rf8 40. g5 h6 41. Qd6 Kh7 42. Kc2 Rf5 43. gxh6 Nxh6 44. Kd3 Rh5 45. Ke4 Nf5 46. Qc7 Rh3 47. Kd5 Re3 48. Qc5 Rd3+ 49. Ke6 Rd6+ 50. Kf7 Rd7+ 51. Ke6 Re7+ 52. Kd5 c2 53. Qg1 Rc7 54. Qc1 0-1

[Event "Sandnes CC-ch A"]
[Site "Sandnes"]
[Date "2016.??.??"]
[Round "3"]
[White "Baldursson, Hrannar"]
[Black "Stangeland, Karle"]
[Result "1/2-1/2"]
[WhiteElo "2129"]
[BlackElo "2029"]
[PlyCount "149"]
[EventDate "2016.02.02"]
[EventType "tourn"]
[EventRounds "7"]
[EventCountry "NOR"]
[SourceTitle "EXT 2024"]
[Source "ChessBase"]
[SourceDate "2023.10.10"]
[SourceVersion "1"]
[SourceVersionDate "2023.10.10"]
[SourceQuality "1"]

1. e4 e5 2. Nf3 Nc6 3. Bb5 f5 4. 0-0 fxe4 5. Nxe5 Nf6 6. d4 Be7 7. Nc3 a6 8. Ba4 0-0 9. Bb3+ d5 10. Bg5 Kh8 11. Bxf6 gxf6 12. Ng4 Bxg4 13. Qxg4 Nxd4 14. Bxd5 f5 15. Qh5 Qe8 16. Qxe8 Raxe8 17. Rad1 c5 18. Bxb7 Rb8 19. Bxa6 Rxb2 20. Nd5 Rxa2 21. c3 Rxa6 22. cxd4 Bd6 23. dxc5 Bxc5 24. Rc1 Ra5 25. Rcd1 Rd8 26. Nf4 Rxd1 27. Rxd1 Bd4 28. g3 Ra1 29. Rxa1 Bxa1 30. Kf1 Kg7 31. Ke2 Kf6 32. Ke3 Ke5 33. Ne2 Kf6 34. h3 Bb2 35. f3 exf3 36. Kxf3 Be5 37. Nf4 Bb8 38. Ke3 Ba7+ 39. Kd3 Bf2 40. Ke2 Ba7 41. Ng2 Ke5 42. Kf3 Kf6 43. Nf4 Ke5 44. Nh5 Bb6 45. Nf4 Ba7 46. Ke2 Bb8 47. Nh5 Ba7 48. h4 Bb6 49. Kf3 Bc7 50. Nf4 Bb8 51. Nh3 h6 52. Nf4 Ba7 53. Nd3+ Kf6 54. Nb4 Bc5 55. Nc6 Bd6 56. Nd4 Be5 57. Nc2 Bc7 58. Ne3 Bb8 59. Nd5+ Ke6 60. Ne3 Kf6 61. g4 fxg4+ 62. Kxg4 Kg7 63. h5 Kh7 64. Kf5 Ba7 65. Nd5 Bd4 66. Ke6 Bb2 67. Kf7 Bd4 68. Ne7 Be3 69. Ng6 Bc1 70. Nf8+ Kh8 71. Kg6 Bd2 72. Ne6 Bc1 73. Nd8 Kg8 74. Nf7 Bd2 75. Nxh6+ 1/2-1/2